Responses for show #8045 - Friday, July 26, 2019

Jason Zuffranieri game 6.
Last game of Season 35.

Contestants

[<< previous game]

Michael Riggs, an educational therapist from Tustin, California

Maggie Lehrman, an editor and writer from Brooklyn, New York

Jason Zuffranieri, a math teacher from Albuquerque, New Mexico (whose 5-day cash winnings total $109,700)

[next game >>]

Jeopardy! Round responses

VENICE
2 VERBS IN ONE
TURNING TO SPORTS
BEFORE & AFTER: SINGERS & WRITERS
SHAPE UP!
CHILLAX
    $200 21
the Rialto

Maggie
    $200 7
hitchhike

Maggie
    $200 13
cricket

Jason
    $200 14
Huey Lewis Carroll

Jason
    $200 16
the knight

Michael
    $200 30
a couch potato

Michael
    $400 22
ghetto

Jason
    $400 8
stir-fry

Michael
    $400 5
(the University of) Hawaii

Jason
    $1,000 1
Ray Charles Darwin

Jason
    $400 17
a hexagon

Michael
    $400 26
massage

Jason
    $600 23
Antonio Vivaldi

Triple Stumper
    $600 9
test-drive

Maggie
    $600 6
discus

Maggie
    $600 2
Peter, Paul and Mary Shelley

Maggie
    $600 18
(Jason: What is oval?)
(Michael: What is a rink?)

a stadium

JasonMichael
Triple Stumper
    $600 27
GrubHub

Jason
    $800 24
doge

Jason
    $800 10
kick-start

Jason
    $800 11
Joe Louis

Jason
    $800 3
Rick James Michener

Jason
    $800 19
fish

Jason
    $800 28
(Michael: What is brandy?)

port

Michael
Triple Stumper
    $1000 25
campanile

Triple Stumper
    $1000 15
breakdance

Maggie
    $1000 12
Karl Malone

Jason
    $1000 4
B.J. Thomas Hardy

Jason
    $1000 20
an ellipse

Michael
    $1000 29
Pachelbel

Jason

Scores at the first commercial break (after clue 15):

Jason Maggie Michael
$6,200 $3,000 $400

Scores at the end of the Jeopardy! Round:

Jason Maggie Michael
$9,600 $3,200 $800

Double Jeopardy! Round responses

(Alex: A tribute to Discovery Channel's...)
SHARK WEEK
ON THIS DAY: JULY 26
"ISTA" ME!
1960s TV
SHAKESPEAREAN DOUBLE BLANK VERSE
MAKE IT SNAPPY
    $400 29
a great white shark

Michael
    $400 28
(Bob) Dole

Jason
    $400 1
a barista

Michael
    $400 26
60 Minutes

Jason
    $400 27
house and home

Jason
    $400 18
Snapchat

Jason
    $800 23
(Michael: What are ripples?)
(Jason: What are waves?)

vibrations

JasonMichael
Triple Stumper
    $800 19
(Jason: What is Parliament? [*]?

British Parliament

Jason
    $800 2
fashionista

Jason
    $800 3
Carol Burnett

Jason
    $800 10
"Et tu, Brute?"

Jason
    $800 17
snapdragons

Michael
    $1200 24
cooperative

Triple Stumper
    $1200 20
the U.S. Postal Service

Jason
    $1200 7
sandinista

Jason
    $1200 4
Joe Friday

Jason
    $1200 11
"let's kill all the lawyers"

Jason
    $1200 16
(Peggy) Lee

Jason
    $1,000 25
(Jason: What is a ray shark?)

a thresher shark

Jason
    $1600 21
Monrovia

Jason
    $5,000 8
Sao Paulista

Jason
    $1600 5
the Mod Squad

Maggie
    $1600 12
(Maggie: What is "It is the dawn, and Juliet is the sun"?)

"It is the east, and Juliet is the sun"

MaggieMichael
    $1600 15
Snap-On

Jason
    $2000 30
a mako shark

Michael
    $2000 22
(Michael: What is drop the atomic bomb?)
(Maggie: What is invade Korea?)

desegregate, or integrate

MaggieMichael
Triple Stumper
    $2000 9
Zapatista

Jason
    $2000 6
Space Ghost

Jason
    $2000 13
(Jason: What is "East is east, and west is west"?)

"Fair is foul, and foul is fair"

JasonMaggie
    $2000 14
North Dakota State University

Jason

Scores at the end of the Double Jeopardy! Round:

Jason Maggie Michael
$30,800 $3,200 $3,200
(lock game)

[wagering suggestions for these scores]

Final Jeopardy! Round responses

HISTORIC SHIPS
(Alex: What big disaster occurred in 1912? The sinking of the Titanic. What was the name of the ship that was the first to help rescue?)
MichaelWhat is the Lusitania
$3,198
MaggieWhat is the Doria Gay
$3,200
JasonWhat is the Britannia
$3,200
the Carpathia

Final scores:

Jason Maggie Michael
$27,600 $0 $2
6-day champion: $137,300 3rd place: $1,000 2nd place: $2,000

Game dynamics:

Coryat scores:

Jason Maggie Michael
$27,800 $3,200 $3,200
34 R
(including 2 DDs),
4 W
(including 1 DD)
8 R,
2 W
10 R,
4 W

Combined Coryat: $34,200

The J! Archive is created by fans, for fans. The Jeopardy! game show and all elements thereof, including but not limited to copyright and trademark thereto, are the property of Jeopardy Productions, Inc. and are protected under law. This website is not affiliated with, sponsored by, or operated by Jeopardy Productions, Inc. Join the discussion at JBoard.tv.